| 000 | 00000nam##2200000za#4500 |
| 001 | 9.605991 |
| 003 | CaOODSP |
| 005 | 20210624212411 |
| 007 | cr ||||||||||| |
| 008 | 150406|1997||||xxc|||||o f|0| 0 fre|d |
| 040 | |aCaOODSP|bfre |
| 043 | |an-cn--- |
| 086 | 1 |aH42-2/4-1997-1F-PDF |
| 110 | 1 |aCanada.|bSanté Canada. |bProgramme des produits thérapeutiques. |
| 245 | 10|aInclusion des femmes dans les essais cliniques |h[ressource électronique] |
| 250 | |aVersion finale |
| 260 | |aOttawa - Ontario : |bSanté Canada. |c17 avril 1997. |
| 300 | |a9p. |
| 490 | 1 |aDirectives du Programme des produits thérapeutiques |
| 590 | |a13-19-Supp|b2013-08-14 |
| 691 | 07|aFemme|2gcpds |
| 691 | 07|aIndustrie pharmaceutique|2gcpds |
| 775 | 08|tInclusion of women in clinical trials |w(CaOODSP)9.577182 |
| 830 | #0|aDirectives du Programme des produits thérapeutiques.|w(CaOODSP)9.503945 |
| 856 | 40|ahttp://publications.gc.ca|qPDF|s35 Ko|uhttps://publications.gc.ca/collections/collection_2013/sc-hc/H42-2-4-1997-1-fra.pdf |